Normal view
MARC view
- Giampiero Bof - Adriano Stasi
Entry Personal Name
001 - CONTROL NUMBER
- control field: 28069
003 - CONTROL NUMBER IDENTIFIER
- control field: IT-RoPau
005 - DATE AND TIME OF LATEST TRANSACTION
- control field: 20140530164123.0
008 - FIXED-LENGTH DATA ELEMENTS
- fixed length control field: 140530|| aca||aabn | a|a d
040 ## - CATALOGING SOURCE
- Original cataloging agency: IT-RoPau
- Transcribing agency: IT-RoPau
100 ## - HEADING--PERSONAL NAME
- Personal name: Giampiero Bof - Adriano Stasi
670 ## - SOURCE DATA FOUND
- Source citation: Work cat.: (IT-RoPau)35061: Giampiero Bof - Adriano Stasi, La teologia come scienza della fede., 1982